000
00353nam a2200157Ia 4500
008
231217s9999 xx 000 0 und d
041
_a
English
082
_a
001.6424WIN GOO
100
_a
Gookin, Dan
245
0
_a
Windows 95 handbook
250
_a
1st ed.
260
_c
1995
_b
Comdex
300
_a
xix+590
650
_a
Windows
942
_c
AA
999
_c
164348
_d
164348